00517nam a2200157Ia 4500003000900000008004100009020001800050040001600068080001800084245010000102260004800202300001600250650004100266650002300307700002900330IN-BaIIA211028s9999 xx 000 0 eng d a0-521-25620-8 cIIA Library a524.3-64bMET 0aMethods in radiative transfercedited by Wolfgang Kalkofen  aCambridgebCambridge University Pressc1984 aviii, 450p. aAstronomy and astrophysics thesaurus aRadiative transfer aKalkofen, Wolfgang, ed.,